000 01109nam a2200265Ia 4500
003 OSt
005 20221005111944.0
006 a|||||r|||| 00| 0
007 ta
008 221004b |||||||| |||| 00| 0 hin d
024 _a32670
037 _cTextual
040 _aCRL
_cCRL
_bhin
041 _2hin
_ahin
082 _aO15,1F75:g, 152P5
100 _aशास्त्री, सुरेन्द्र देव
_9159288
245 0 _aनैषधचरितमहाकाव्यम् हर्ष प्रणीतं प्रथमः संर्गः
246 _aNaiṣhadhacharitamahākāvyam harṣha praṇītan prathamah sanrgah
260 _aवाराणसी
_bचौखम्भा पब्लिशर्स भारत
_c2005
300 _a393पृ.
_ccm.
490 _aगोकुलदास संस्कृत सीरिज; 02
650 _aसंस्कृत साहित्य
942 _hO15,1F75:g, 152P5
_cTEXL
_2cc
999 _c1023410
_d1023410